000 00693nas a2200241 i 4500
001 655
003 ES-MaACL
005 20250806085353.0
007 t|
008 950801d19441952sp | | 1 ||pa d
022 _a0210-6280
080 _a617
245 0 0 _aCirugía del aparato locomotor /
_cdir. ... Laureano Olivares.
260 _aMadrid :
_bTip. Art,
_c1944-1952.
300 _a8 v. :
_bgrab. ;
_c25 cm.
310 _aTrimestral
362 0 _aVol. 1, n. 1 (en. 1944)--v. 9, n. 4. (oct. 1952)
650 1 7 _aCirugía
_2embne
_911050
700 0 _aOlivares, Laureano.
_986768
852 _aES-MaACL
_jK-60
866 0 _o(1944f.fasc.I)1945-50(1951).
999 _c655
_d655